000 00289nam a2200121Ia 4500
008 190216s9999||||xx |||||||||||||| ||und||
100 _aNull
245 0 _aEnviromental Pollution Analysis
260 _bNew Age International Publishers
300 _a190
650 _aChemistry
942 _cBK
999 _c3363
_d3363